LIBRARY ONLINE CATALOGUE

Introduction to chemical principles / (Record no. 3393)

MARC details
000 -LEADER
fixed length control field 00604nam a22002052 4500
001 - CONTROL NUMBER
control field 0000009212
005 - DATE AND TIME OF LATEST TRANSACTION
control field 20151217145847.0
008 - FIXED-LENGTH DATA ELEMENTS--GENERAL INFORMATION
fixed length control field 080912s xx 000 0 eng d
020 ## - INTERNATIONAL STANDARD BOOK NUMBER
International Standard Book Number 0139159924 :
Terms of availability KES 500
040 ## - CATALOGING SOURCE
Original cataloging agency KABU
Transcribing agency KABU
100 1# - MAIN ENTRY--PERSONAL NAME
Personal name Stoker, H. Stephen.
-- 0000160308
245 10 - TITLE STATEMENT
Title Introduction to chemical principles /
Statement of responsibility, etc. H. Stephen Stoker.
250 ## - EDITION STATEMENT
Edition statement 6th ed.
260 ## - PUBLICATION, DISTRIBUTION, ETC. (IMPRINT)
Place of publication, distribution, etc. Upper Saddle River, NJ. :
Name of publisher, distributor, etc. Prentice Hall,
Date of publication, distribution, etc. 1999.
300 ## - PHYSICAL DESCRIPTION
Extent xiii, 706 p.
650 #0 - SUBJECT ADDED ENTRY--TOPICAL TERM
Topical term or geographic name as entry element Chemistry.
-- 0000148202
908 ## - PUT COMMAND PARAMETER (RLIN)
Put command parameter 080912
950 ## - LOCAL HOLDINGS (RLIN)
-- 1
Holdings
Withdrawn status Lost status Source of classification or shelving scheme Not for loan Home library Current library Date acquired Total Checkouts Full call number Barcode Date last seen Date last checked out Price effective from Koha item type
    Library of Congress Classification   Kabarak, Main Campus Kabarak, Main Campus 17/12/2015 5 QD33 .S76 1999 c. 1 009098 16/12/2019 26/11/2019 17/12/2015 General Collection